Anak di riba dilepaskan, kera di hutan di susui

Bibliographic Details
Format: Book
Published: Kuala Lumpur : Karisma Publication , 2007
Series:Siri peribahasa murni
Subjects:

MARC

LEADER 00000cam a2200000 7i4500
001 0000047862
005 20220105104146.0
008 150527
020 |a 9789831952610 
090 0 0 |a JP   |b MAL 
245 1 0 |a Anak di riba dilepaskan, kera di hutan di susui   |c Mariah Ahmad 
260 |a Kuala Lumpur :   |b Karisma Publication ,   |c 2007 
440 |a Siri peribahasa murni 
500 |a Children age 4-6 years old (yellow) 
650 0 |a Junior preschool   |x Malay   |x Languages 
999 |a 0001074413   |b Book   |c Children Collection   |e Cawangan Taman Universiti 
999 |a 0001134610   |b Book   |c Children Collection   |e Cawangan Bandar Penawar 
999 |a 0001134612   |b Book   |c Children Collection   |e Cawangan Taman Sri Lambak